Statistics for Countries, US States, Capitals, Elements, 100 Most Common Words: Starting with H

Click here to take the quiz!

General Stats

  • This quiz has been taken 8,709 times
  • The average score is 16 of 24

Answer Stats

ANSWER% Correct
He
99%
Honduras
87%
Her
87%
Hungary
86%
Haiti
85%
Helium
84%
Hawaii
81%
His
81%
Hydrogen
81%
Him
76%
Have
71%
Helsinki
70%
Honolulu
67%
Havana
64%
Hanoi
64%
Harare
57%
Honiara
53%
How
52%
Hafnium
46%
Harrisburg
44%
Hartford
43%
Helena
41%
Holmium
40%
Hassium
38%

Score Distribution

Percentile by Number Answered

Percent of People with Each Score

Your Score History

You have not taken this quiz